Open Data Biblioteca Nacional de Portugal


República Portuguesa: Ministério da Cultura
Biblioteca Nacional de Portugal

Catálogo da BNP: acesso por Identificadores Unívocos
Registos Bibliográficos associados ao registo de autoridade

Etiqueta de registo: 00000ndm 2200025
001 2286329
001 2286329
003 http://id.bnportugal.gov.pt/bib/catbnp/2286329
100 ## $a20260514f19861987k y0pory01030103ba
101 0# $apor
102 ## $aPT
106 ## $ah
200 1# $a [ Materiais musicais]$bMúsica manuscrita]
210 #1 $d[Entre 1986 e 1987]
215 ## $a10 partituras (17 f.)$d42 x 30 cm
315 ## $aPartituras gráficas/prescritivas de algumas peças que integram o espectáculo
317 ## $aEspólio de Constança Capdeville
461 #1 $10012285916$tFE...DE...RI...CO...
700 #1 $aCapdeville,$bConstança,$f1937-1992$333753
801 #0 $aPT$bBN$gRPC
966 ## $lBN$mMUSICA$sEMUS5
971 ## $cssequeira$d20260514

Etiqueta de registo: 00000nbm 2200025
001 2286534
003 http://id.bnportugal.gov.pt/bib/catbnp/2286534
100 ## $a20260519f19841985k y0pory01030103ba
101 0# $apor$aita$ager$aeng
102 ## $aPT
106 ## $ah
200 1# $a [ Guião geral do espectáculo]
210 #1 $d1984-1985
215 ## $a[182] f.$cnot. mus.,$d61 x 32 cm
300 ## $aConjunto de documentos variados organizado numericamente por ordem das cenas, com descrições das várias sequências do espectáculo, com materiais textuais e musicais
317 ## $aEspólio de Constança Capdeville
461 #1 $10012286533$tDon't, Juan
700 #1 $aCapdeville,$bConstança,$f1937-1992$333753
801 #0 $aPT$bBN$gRPC
966 ## $lBN$mMUSICA$sEMUS5
971 ## $cssequeira$d20260519

Etiqueta de registo: 00000nam 2200025
001 2286344
003 http://id.bnportugal.gov.pt/bib/catbnp/2286344
100 ## $a20260514d1987 k y0pory01030103ba
101 0# $apor
102 ## $aPT
106 ## $ah
200 1# $a [ Convite]
210 #9 $a [ Lisboa]$cFCG, $d1987
215 ## $a1 cartão$d20 x 11 cm$e2 cartões
307 ## $aInclui 2 cartões de visita de Madalena de Azeredo Perdigão, de agradecimento a Constança Capdeville
317 ## $aEspólio de Constança Capdeville
461 #1 $10012285916$tFE...DE...RI...CO...
701 #1 $aCapdeville,$bConstança,$f1937-1992$4040$333753
702 #1 $aMuñoz,$bEunice,$f1928-2022$4590$3215585
711 02 $aFundação Calouste Gulbenkian.$bACARTE$4630$396406
712 02 $aGrupo ColecViva$4590$31997837
801 #0 $aPT$bBN$gRPC
966 ## $lBN$mMUSICA$sEMUS5
971 ## $cssequeira$d20260514

Etiqueta de registo: 00809cam 2200241 450
001 483501
003 http://id.bnportugal.gov.pt/bib/catbnp/483501
100 ## $a19950123d1969 m y0pory01030103ba
101 0# $apor
102 ## $aPT
105 ## $ag z 000yy
106 ## $ar
200 1# $aLux Bella$fDomingo Marcos Duran$ginvest. Mário de Sampayo Ribeiro$gpref., introd. e cotejo de Constança Capdeville
210 #9 $aLisboa$cInst. de Alta Cultura,$d1969
215 ## $a79 p.$cnot. mus.$d28 cm
225 2# $aRei Musicae Portugaliae Monumenta$v3
305 ## $aEd. original de Salamanca, 1509
324 ## $aFacsimile
675 ## $a78$vBN$zpor$3288149
700 #1 $aMarcos Durán,$bDomingo,$fca. 1460-1529$372804
702 #1 $aRibeiro,$bMário de Sampaio,$f1898-1966$4560$384758
702 #1 $aCapdeville,$bConstança,$f1937-1992$4080$333753
801 #0 $aPT$bBN$gRPC
966 ## $lBN$mMUSICA$sM. 147 V. $x1

Etiqueta de registo: 00930cam 2200253 450
001 73857
003 http://id.bnportugal.gov.pt/bib/catbnp/73857
100 ## $a19950525d1970 m y0pory01030103ba
101 1# $apor
102 ## $aPT
105 ## $aacf b 000yy
106 ## $ar
200 1# $aCatálogo das obras de João Domingos Bomtempo$fJean-Paul Sarrautte$gtrad. Constança Capdeville
210 #9 $aLisboa$cFundação Calouste Gulbenkian,$d1970
215 ## $a123, [4] p., 8 p. il.$cil.$d21 cm
317 ## $aColeção Cremilde e Gerhard doderer$5PTBN: DOD.B. 6
600 #1 $aBomtempo,$bJoão Domingos,$f1775-1842$xObra musical$x [ Catálogos]$2SIPOR$3314260
675 ## $a78.07Bomtempo, João Domingos$vBN$zpor$3314263
675 ## $a012 Bomtempo, João Domingos$vBN$zpor$3314264
675 ## $a781.97$vBN$zpor$3315625
700 #1 $aSarrautte,$bJean-Paul,$f1915-1982$3101337
702 #1 $aCapdeville,$bConstança,$f1937-1992$4730$333753
801 #0 $aPT$bBN$gRPC
966 ## $lBN$mMUSICA$sCAT-POR BOM$x3
966 ## $lBN$mMUSICA$sDOD.B. 6 $x3
966 ## $lBN$mMUSICA$sM. 949 V. $x1

Etiqueta de registo: 00000nbm 2200025
001 2286533
003 http://id.bnportugal.gov.pt/bib/catbnp/2286533
100 ## $a20260519d1985 k y0pory01030103ba
101 0# $apor
102 ## $aPT
106 ## $ah
200 1# $aDon't, Juan$e"anti-ópera" para voz, piano, contrabaixo, percussão, banda magnética, mimo, bailarino e luzes$fMúsica, encenação, figurinos e envolvimento cénico Constança Capdeville
210 #1 $d1985
300 ## $aPrimeira obra interpretada pelo Grupo ColecViva, encomendada pelo Ministério da Cultura, com estreia absoluta nos IX Encontros Gulbenkian de Música Contemporânea, no Grande Auditório da FCG no dia 2 de Maio de 1985
300 ## $aObra para piano, contrabaixo, voz, mimo, bailarino, luz e banda magnética
304 ## $aTextos de: Constança Capdeville, Albert Camus, Salvador Dali e Kurt Schwitters
317 ## $aEspólio de Constança Capdeville
463 #1 $10012286534$t [ Guião geral do espectáculo]$b$d1984-1985
463 #1 $10012286537$t [ Documentos do processo criativo]$d[1984-1985]
463 #1 $10012286540$tRoteiro$d[1984-1985]
463 #1 $10012287089$t [ Referências textuais e visuais]$d[1984-1985]
463 #1 $10012287096$t [ Folha do programa dos 9ºs Encontros Gulbenkian de Música Contemporânea]$cLisboa$nF. C. G., Serviço de Música,$d1985
463 #1 $10012287099$t [ Sequência das cenas do espectáculo]$d[1984-1985]
700 #1 $aCapdeville,$bConstança,$f1937-1992$333753
702 #1 $aMozart,$bWolfgang Amadeus,$f1756-1791$4100$368108
712 02 $aGrupo ColecViva$4590$31997837
801 #0 $aPT$bBN$gRPC
971 ## $cssequeira$d20260519

Etiqueta de registo: 00000nbm 2200025
001 2286333
003 http://id.bnportugal.gov.pt/bib/catbnp/2286333
100 ## $a20260514f19861987k y0pory01030103ba
101 0# $apor
102 ## $aPT
106 ## $ah
200 1# $a [ Documentos para a performance]$bManuscrito]
210 #1 $d[Entre 1986 e 1987]
215 ## $a4 f.$d42 x 30 cm
307 ## $aConjunto de documentos que descrevem a disposição e iluminação em palco, guião de Constança Capdville da sequência do espectáculo, e citações da peça teatral "El publico" de Garcia Lorca
317 ## $aEspólio de Constança Capdeville
461 #1 $10012285916$tFE...DE...RI...CO...
700 #1 $aCapdeville,$bConstança,$f1937-1992$333753
801 #0 $aPT$bBN$gRPC
966 ## $lBN$mMUSICA$sEMUS5
971 ## $cssequeira$d20260514

Etiqueta de registo: 00000nbm 2200025
001 2286537
003 http://id.bnportugal.gov.pt/bib/catbnp/2286537
100 ## $a20260519f19841985k y0pory01030103ba
101 0# $apor
102 ## $aPT
106 ## $ah
200 1# $a [ Documentos do processo criativo]
210 #1 $d[1984-1985]
215 ## $a[93] f.$cnot. mus.,$d37 x 27 cm
300 ## $aConjunto de documentos gerados e reunidos durante a fase de concepção e desenvolvimento da obra. Inclui apontamentos manuscritos, notas avulsas, esboços musicais referências textuais e visuais, e esboços musicais
317 ## $aEspólio de Constança Capdeville
461 #1 $10012286533$tDon't, Juan
700 #1 $aCapdeville,$bConstança,$f1937-1992$333753
801 #0 $aPT$bBN$gRPC
966 ## $lBN$mMUSICA$sEMUS5
971 ## $cssequeira$d20260519

Etiqueta de registo: 00000nbm 2200025
001 2286317
003 http://id.bnportugal.gov.pt/bib/catbnp/2286317
100 ## $a20260514f19861987k y0pory01030103ba
101 0# $apor
102 ## $aPT
106 ## $ah
200 1# $a [ Guião geral do espectáculo]$bManuscrito]
210 #1 $d[Entre 1986 e 1987]
215 ## $a24 p.$cnot. mus.$d30 x 22 cm
315 ## $aDocumento descritivo das várias sequências do espectáculo, textuais e musicais
317 ## $aEspólio de Constança Capdeville
461 #1 $10012285916$tFE...DE...RI...CO...
700 #1 $aCapdeville,$bConstança,$f1937-1992$333753
801 #0 $aPT$bBN$gRPC
966 ## $lBN$mMUSICA$sEMUS5
971 ## $cssequeira$d20260514

Etiqueta de registo: 00000nbm 2200025
001 2286330
003 http://id.bnportugal.gov.pt/bib/catbnp/2286330
100 ## $a20260514f19861987k y0pory01030103ba
101 0# $apor
102 ## $aPT
106 ## $ah
200 1# $a [ Guiões]$bManuscrito]
210 #1 $d[Entre 1986 e 1987]
215 ## $a5 doc. (6, 7, 2, 5, 11 p.)$d30 x 22 cm
307 ## $aGuiões relativos a várias componentes do espectáculo: música, luz, gravação e diapositivos
317 ## $aEspólio de Constança Capdeville
461 #1 $10012285916$tFE...DE...RI...CO...
700 #1 $aCapdeville,$bConstança,$f1937-1992$333753
801 #0 $aPT$bBN$gRPC
966 ## $lBN$mMUSICA$sEMUS5
971 ## $cssequeira$d20260514

Etiqueta de registo: 00000nbm 2200025
001 2286334
003 http://id.bnportugal.gov.pt/bib/catbnp/2286334
100 ## $a20260514d1986 k y0pory01030103ba
101 0# $apor
102 ## $aPT
106 ## $ah
200 1# $a [ Diário de bordo]$bManuscrito]
210 #1 $d7-12-1986
215 ## $a1 caderno$d42 x 30 cm
307 ## $aCaderno espiral perfurado, com capa azul, onde se encontra registado todo processo de criação da obra: concepção, notas, referências, etc.
317 ## $aEspólio de Constança Capdeville
461 #1 $10012285916$tFE...DE...RI...CO...
700 #1 $aCapdeville,$bConstança,$f1937-1992$333753
801 #0 $aPT$bBN$gRPC
966 ## $lBN$mMUSICA$sEMUS5
971 ## $cssequeira$d20260514

Etiqueta de registo: 00269ndm 2200145 450
001 2057308
003 http://id.bnportugal.gov.pt/bib/catbnp/2057308
100 ## $a20201019f19 k y0pory01030103ba
101 0# $apor
102 ## $aFR
200 1# $aQue mon chant ne soit plus d'oiseau$bMúsica manuscrita]$fConstança Capdeville
210 #1 $d1991
215 ## $a1 partitura$d950x850mm
300 ## $aTítulo extraído de um poema de Manuel Cintra, a quem a obra é dedicada. Estreia: Reitoria da Universidade de Lisboa - Aula Magna, 15.º Encontros Gulbenkian de Música Contemporânea, 4/05/1991
307 ## $aTrata-se de uma fotocópia do manuscrito (ou vários manuscritos colados para formarem um conjunto único?), em grande formato.
315 ## $aNotação musical convencional com elementos verbais e gráficos. Orquestra de câmara: 2 Flautas, 2 Clarinetes, 4 Trompas, 2 Trompetes, Percussão (2 Vibrafones, Xilofone, Temple block, Marimba), Piano, Celesta, Harpa, Cordas
317 ## $aEspólio de Constança Capdeville$5PTBN: C.Cv. 1
500 10 $aQue mon chant ne soit plus d'oiseau
501 1# $aPeças,$rorq de câmara
606 ## $aMúsica para orquestra$zSéc. 20$j[Música manuscrita]$2SIPOR$31197990
606 ## $aMúsica de câmara$zSéc. 20$j[Música manuscrita]$2SIPOR$31196896
675 ## $a78.083$vBN$zpor$3519108
675 ## $a785.7$vBN$zpor$3479050
675 ## $a78.089.6$vBN$zpor$3536969
700 #1 $aCapdeville,$bConstança,$f1937-1992$333753
702 #1 $aCintra,$bManuel,$f1956-2020$4100$366895
801 #0 $aPT$bBN$gRPC

Etiqueta de registo: 00000ndm 2200025
001 2177463
003 http://id.bnportugal.gov.pt/bib/catbnp/2177463
100 ## $a20240813f19701990k y0pory01030103ba
102 ## $aPT
106 ## $ah
200 1# $aAmor industrioso$bMúsica manuscrita]$fSousa Carvalho$gredução para piano e canto de Constança Capdeville
210 #1 $d[Entre 1970 e 1990]
215 ## $a1 partitura (296 p.) e 2 partes$d37 x 28 cm
304 ## $aAssinatura de Constança Capdville na p. 153 da partitura
317 ## $aConservatório Nacional
500 11 $aL'amore industrioso.$rVV, pf,$uDó maior ;$wred.
675 ## $a78.089.6$vBN$zpor$3536969
700 #1 $aCarvalho,$bJoão de Sousa,$f1745-1798$386559
701 #1 $aCapdeville,$bConstança,$f1937-1992$4030$333753
712 01 $aPortugal.$bConservatório Nacional.$bEscola de Música$4390$31172174
801 #0 $aPT$bBN$gRPC
966 ## $lBN$mMUSICA$sC.N. 4021
971 ## $cCatmusica3$d20240813

Etiqueta de registo: 00000nbc 2200025
001 2199227
003 http://id.bnportugal.gov.pt/bib/catbnp/2199227
100 ## $a20241209f19371992k y0pory01030103ba
102 ## $aPT
200 1# $aEspólio de Constança Capdeville
210 #1 $d[1937-1992]
215 ## $a28 cx.
303 ## $aInstrumentos de pesquisa: inventário
314 ## $aCompositora, professora e intérprete em piano e percussão. Fundou e dirigiu o grupo ColecViva. Foi membro da direção do Conselho Português da Música e membro efetivo da Associaciò Catalana de Compositors de Barcelona. Em outubro de 1990, foi-lhe atribuída a Medalha de Mérito Cultural, e em junho de 1992, a título póstumo, o grau de Comendador da Ordem de Santiago de Espada
317 ## $aDoação (2012)
327 1# $aCa. de 400 itens entre guiões, partituras, textos teatrais/poéticos, planos de movimento, desenho de luzes, roteiros e outros materiais acompanhantes das obras musico-teatrais; contém também ca. de 50 itens de documentação vária (programas, recortes de imprensa, diplomas e fotografias) e ca. de 20 itens de correspondência; 65 fitas magnéticas com gravações integrais ou de excertos de obras musicais e cénico-musicais da compositora
700 #1 $aCapdeville,$bConstança,$f1937-1992$333753
801 #0 $aPT$bBN$gRPC
966 ## $lBN$mMUSICA$sEMUS5$x3
971 ## $cigoncalves$d20241209

Etiqueta de registo: 00254nam 2200025 450
001 2202811
003 http://id.bnportugal.gov.pt/bib/catbnp/2202811
100 ## $a20250115d1977 m y0pory01030103ba
101 0# $apor$ceng
102 ## $aPT
105 ## $aa z 000yy
106 ## $ar
200 1# $aAlternativa Zero$etendencias polémicas na arte portuguesa contemporânea$fcolab. Secretaria de Estado da Cultura
210 #9 $aLisboa$c[s.n.],$d1977
215 ## $a[121] f.$cil.: desdobr.$d25 cm
303 ## $aConjunto de materiais impressos relativos à exposição patente na Galeria Nacional de Arte Moderna (Lisboa), em 1977
316 ## $aDuplicado o cad. relativo a Albuquerque Mendes; falta cad. de Clara Menéres; contém um bilhete do Living Theatre$5PTBN: B.A. 6734 V.
316 ## $aExemplar em caixa cartonada com o título gravado; contém apenas a f. com a ficha técnica da exposição e 38 cad. individuais de artistas$5PTBN: B.A. 49056 V.
317 ## $aBiblioteca particular de Eduardo Nery$5PTBN: B.A. 49056 V.
327 11 $aAlternativa Zero : tendencias polémicas na arte portuguesa contemporânea [catálogo da exposição] / colab. Secretaria de Estado da Cultura ; [textos de Eduardo Prado Coelho e Ernesto De Sousa]. - Lisboa : [s.n.], 1977. - [16] f. : il. - Texto bilingue, português e inglês ; Alternativa Zero : catálogo descritivo [datiloscrito]. - [10] f. ; [1] f. com a ficha técnica da exposição ; 42 cadernos individuais, il., desdobr., cada um relativo a um dos autores integrantes da exposição: Helena Almeida ([2] f.: il.), José Manuel Costa Alves ([1] f. : il.), Alvess ([1] f.), Pedro Andrade ([3] f.: il.: desdobr.), André (The Pilgrimagemania. - ([4] f.: il. : desdobr.) ; Armando Azevedo ([4] f. : il.: desdobr.), Vitor Belem (A Praxis sexual dos anfíbios. - [4] f. : il.: desdobr.), Júlio Bragança ([1] f.: il.), João Brehm ([1] f.: il.), Fernando Calhau (Espaço/Tempo. - 1976. - [4] f.: il.: desdob.), Constança Capdeville ([1] f.), Alberto Carneiro ([2] f.: il.), Manuel Casimiro ([1] f.: il.), E. M. de Melo e Castro ([2] f.: il.), Noronha da Costa ([1] f.), Graça Pereira Coutinho (Terra areia sombra sonhos perdidos, vidas passadas. - [3] f.: il.: desdobr.), Da Rocha ([4] f.: il.: desdobr.), Ernesto de Sousa ([4] f.: il.: desdobr.), Lisa Chaves Ferreira (A cabra não é cega. - [1] f.: il.), Robin Fior ([1] f.), Carlos Gentil-Homem ([1] f.: il.), Ana Hatherly (Poemad'entro. - [2] f.), [António] Lagarto & [Nigel] Coates (Dialogue du sphinx. - Lisboa, 1976. - [4] f.: il.: desdobr.), Álvaro Lapa ([1] f.), Albuquerque Mendes ([2] f.: il.), Leonel Moura ([1] f.: il.), Jorge Peixinho ([1] f.: il.), Jorge Pinheiro (Partitura para um canto livre. - [1] f.), Vitor Pomar (Crush Proof Box. - [2] f.: il.), José Rodrigues ([1] f.: il.), Joana Almeida Rosa ([2] f.: il.), Túlia Saldanha ([1] f.: il.), Julião Sarmento ([2] f.: il.), António Sena ([4] f.: il.: desdobr.), Sena da Silva ([1] f.: il.), Ângelo de Sousa ([4] f.: il.: desdobr.), Salette Tavares ([2] f.: il.), Artur de Varela ([4] f.: il.: desdobr.), Mário Varela ([3] f.: il.: desdobr.), Ana Vieira ([4] f.: il.: desdobr.), João Vieira ([1] f.: il.), Pires Vieira ([2] f.: il.), Clara Menéres (([2] f.: il.) ; [1] cartaz da exp. (74 x 34 cm., desdobr.) ; [1] miniatura do cartaz da exp. (10 cm);
517 1# $a The Pilgrimagemania
517 1# $a A Praxis sexual dos anfíbios
517 1# $aEspaço/Tempo
517 1# $aTerra areia sombra sonhos perdidos, vidas passadas
517 1# $a A Cabra não é cega
517 1# $aDialogue du sphinx
517 1# $aPoemad'entro
517 1# $aPartitura para um canto livre
517 1# $aCrush Proof Box
675 ## $a7A/Z(=1:469)"19/20"(083.82)$vBN$zpor$31342211
675 ## $a7.038.5(=1:469)"19/20"(083.82)$vBN$zpor$31613038
700 #1 $aSousa,$bErnesto de,$f1921-1988$39997
701 #1 $aAlmeida,$bHelena,$f1934-2018$4070$31597
701 #1 $aAlves,$bJosé Manuel Costa,$f1950-2025$4070$3129508
701 #1 $aAlvess,$bManuel,$f1939-$4070$31388955
701 #1 $aAndrade,$bPedro,$f1951-$4070$31519760
701 #1 $aAzevedo,$bArmando,$f1947-2020$4070$354042
701 #1 $aBelém,$bVítor,$f1938-2015$4070$327471
701 #1 $aBragança,$bJúlio,$f1939-$4070$31941409
701 #1 $aBrehm,$bJoão,$f1951-$4070$3780313
701 #1 $aCalhau,$bFernando,$f1948-2002$4070$324398
701 #1 $aCapdeville,$bConstança,$f1937-1992$4070$333753
701 #1 $aCarneiro,$bAlberto,$f1937-2017$4070$310890
701 #1 $aCasimiro,$bManuel,$f1941-$4070$339672
701 #1 $aCastro,$bE. M. Melo e,$f1932-2020$4070$342344
701 #1 $aCosta,$bLuís Noronha da,$f1942-2020$4070$352839
701 #1 $aCoutinho,$bGraça Pereira,$f1949-$4070$310956
701 #0 $aDa Rocha$cpseud.$4070$31645156
701 #1 $aFerreira,$bLisa Chaves,$f1949-$4070$31634043
701 #1 $aFior,$bRobin,$f1935-2012$4070$338369
701 #1 $aGentilhomem,$bCarlos,$f1949-$4070$3210384
701 #1 $aHatherly,$bAna,$f1929-2015$4070$329170
701 #1 $aLagarto,$bAntónio$4070$381274
701 #1 $aCoates,$bNigel,$f1949-$4070$31941417
701 #1 $aLapa,$bÁlvaro,$f1939-2006$4070$361713
701 #1 $aMendes,$bAlbuquerque,$f1953-$4070$39929
701 #1 $aMoura,$bLeonel,$f1948-$4070$3175297
701 #1 $aPeixinho,$bJorge,$f1940-1995$4070$393118
701 #1 $aPinheiro,$bJorge,$f1931-$4070$39950
701 #1 $aPomar,$bVítor,$f1949-$4070$3160927
701 #1 $aRodrigues,$bJosé,$f1936-2016$4070$39971
701 #1 $aRosa,$bJoana Almeida,$f1959-$4070$31941420
701 #1 $aSaldanha,$bTúlia,$f1930-1988$4070$31583413
701 #1 $aSarmento,$bJulião,$f1948-2021$4070$39983
701 #1 $aSena,$bAntónio,$f1941-2024$4070$388270
701 #1 $aSilva,$bSena da,$f1926-2001$4070$388874
701 #1 $aSousa,$bÂngelo de,$f1938-2011$4070$39996
701 #1 $aTavares,$bSalete,$f1922-1994$4070$386731
701 #1 $aVarela,$bArtur,$f1937-2017$4070$31892207
701 #1 $aVarela,$bMário,$f1949-$4070$3454906
701 #1 $aVieira,$bAna,$f1940-2016$4070$351278
701 #1 $aVieira,$bJoão,$f1934-2009$4070$354701
701 #1 $aVieira,$bPires,$f1950-$4070$369402
701 #1 $aMenéres,$bClara,$f1943-2018$4070$353879
702 #1 $aCoelho,$bEduardo Prado,$f1944-2007$4080$348357
702 #1 $aNery,$bEduardo,$f1938-2013$4390$310749
712 01 $aPortugal.$bSecretaria de Estado da Cultura$4060$315309
801 #0 $aPT$bBN$gRPC
966 ## $lBN$mFGMON$sB.A. 6734 V.
966 ## $lBN$mFGMON$pBiblioteca Eduardo Nery$sB.A. 49056 V.$x3
971 ## $cpmesqui$d20250115

Etiqueta de registo: 00000nbm 2200025
001 2286324
003 http://id.bnportugal.gov.pt/bib/catbnp/2286324
100 ## $a20260514f19861987k y0pory01030103ba
101 0# $apor
102 ## $aPT
106 ## $ah
200 1# $a [ Materiais de concepção]$bManuscrito]
210 #1 $d[Entre 1986 e 1987]
215 ## $a27 f.$cnot. mus.$d42 x 30 cm
307 ## $aDocumentos relativos ao processo criativo da obra, que incluem fotocópias do livro "Obras completas de Garcia Lorca", vários apontamentos sobre escolhas de peças musicais e excertos de música
317 ## $aEspólio de Constança Capdeville
461 #1 $10012285916$tFE...DE...RI...CO...
700 #1 $aCapdeville,$bConstança,$f1937-1992$333753
801 #0 $aPT$bBN$gRPC
966 ## $lBN$mMUSICA$sEMUS5
971 ## $cssequeira$d20260514

Etiqueta de registo: 00000nbm 2200025
001 2286540
001 2286540
003 http://id.bnportugal.gov.pt/bib/catbnp/2286540
100 ## $a20260519f19841985k y0pory01030103ba
101 0# $apor
102 ## $aPT
106 ## $ah
200 1# $aRoteiro
210 #1 $d[1984-1985]
215 ## $a[26] f.$d42 x 30 cm
300 ## $aRoteiro geral, em fotocópia, e o documento original onde foram acrescentadas notas com indicações de cena, iluminação e som, ao vivo e gravado
317 ## $aEspólio de Constança Capdeville
461 #1 $10012286533$tDon't, Juan
700 #1 $aCapdeville,$bConstança,$f1937-1992$333753
801 #0 $aPT$bBN$gRPC
966 ## $lBN$mMUSICA$sEMUS5
971 ## $cssequeira$d20260520

Etiqueta de registo: 00000ndm 2200025
001 2285916
003 http://id.bnportugal.gov.pt/bib/catbnp/2285916
100 ## $a20260507f1987 k y0pory01030103ba
101 0# $apor
102 ## $aPT
106 ## $ah
200 1# $aFE...DE...RI...CO...$eEspectáculo comemorativo do 50 aniversário da morte do poeta Federico Garcia Lorca$fimaginado e dirigido por Constança Capdeville
210 #1 $d1987
300 ## $aObra para piano, piano preparado, contrabaixo, voz, actriz, bailarino, luz e banda magnética
317 ## $aEspólio de Constança Capdeville
463 #1 $10012285914$t [ Programa]$bManuscrito]$d1987
463 #1 $10012286317$t [ Guião geral do espectáculo]$bManuscrito]$d[Entre 1986 e 1987]
463 #1 $10012286324$t [ Materiais de concepção]$bManuscrito]$d[Entre 1986 e 1987]
463 #1 $10012286329$t [ Materiais musicais]$bMúsica manuscrita]$d[Entre 1986 e 1987]
463 #1 $10012286330$t [ Guiões]$bManuscrito]$d[Entre 1986 e 1987]
463 #1 $10012286333$t [ Documentos para a performance]$bManuscrito]$d[Entre 1986 e 1987]
463 #1 $10012286344$t [ Convite]$c [ Lisboa]$nFCG, $d1987
463 #1 $10012286334$t [ Diário de bordo]$bManuscrito]$d7-12-1986
517 0# $aFE-DE-RI-CO
517 1# $aFederico
700 #1 $aCapdeville,$bConstança,$f1937-1992$333753
702 #1 $aMuñoz,$bEunice,$f1928-2022$4590$3215585
702 #1 $aGarcía Lorca,$bFederico,$f1898-1936$4100$325765
712 02 $aGrupo ColecViva$4590$31997837
801 #0 $aPT$bBN$gRPC
971 ## $cssequeira$d20260507

Etiqueta de registo: 00000nbm 2200025
001 2285914
003 http://id.bnportugal.gov.pt/bib/catbnp/2285914
100 ## $a20260507f1987 k y0pory01030103ba
101 0# $apor
102 ## $aPT
106 ## $ah
200 1# $a [ Programa]$bManuscrito]
210 #1 $d1987
215 ## $a6 p.$d30 cm$e3 programas impressos e 1 folha sobre o título
317 ## $aEspólio de Constança Capdeville
461 #1 $10012285916$tFE...DE...RI...CO...
700 #1 $aCapdeville,$bConstança,$f1937-1992$333753
712 02 $aGrupo ColecViva$4590$31997837
801 #0 $aPT$bBN$gRPC
966 ## $lBN$mMUSICA$sEMUS5
971 ## $cssequeira$d20260507

Etiqueta de registo: 00000ndm 2200025
001 2287120
003 http://id.bnportugal.gov.pt/bib/catbnp/2287120
100 ## $a20260526f19721973k y0pory01030103ba
101 0# $apor
102 ## $aPT
106 ## $ah
200 1# $aRitual One$bMúsica manuscrita]$gConstança Capdeville
210 #1 $d[1973]
215 ## $a3 partituras (7, 7, 7, f.) $d40 x 30 cm
300 ## $aObra estreada em 1973, pelo Ballet Gulbenkian, com coreografia de Jim Hughes
300 ## $aInstrumentação: flauta, piano, percussão e banda magnética
317 ## $aEspólio de Constança Capdeville
606 ## $aBailados$zSéc. 20$j[Música manuscrita]$2SIPOR$31886506
700 #1 $aCapdeville,$bConstança,$f1937-1992$333753
702 #1 $aDias,$bAntónio de Sousa,$f1959-$4280$31381818
801 #0 $aPT$bBN$gRPC
966 ## $lBN$mMUSICA$sEMUS5
971 ## $cssequeira$d20260528

Etiqueta de registo: 00000ndm 2200025
001 2287118
003 http://id.bnportugal.gov.pt/bib/catbnp/2287118
100 ## $a20260528d1971 k y0pory01030103ba
101 0# $apor
102 ## $aPT
106 ## $ar
200 1# $a [ Texto do programa]
210 #1 $d[1971]
215 ## $a1 f.$d30 x 21 cm
300 ## $aFotocópia de folha de programa de apresentação da obra, com notas manuscritas indicando o local e data: "F.C.G. - Programa de 15-XII-1971"
317 ## $aEspólio de Constança Capdeville
461 #1 $10012287110$tDiferenças sobre um intervalo
700 #1 $aCapdeville,$bConstança,$f1937-1992$333753
801 #0 $aPT$bBN$gRPC
971 ## $cssequeira$d20260528

Etiqueta de registo: 00000nam 2200025
001 2287111
003 http://id.bnportugal.gov.pt/bib/catbnp/2287111
100 ## $a20260526d19671969k y0pory01030103ba
101 0# $apor$afre
102 ## $aPT
106 ## $ar
200 1# $a [ Esboço do texto para o programa]
210 #1 $d[Entre 1967 e 1969]
215 ## $a2 f.$d30 x 21 cm
300 ## $aDuas folhas dactilografadas com notas manuscritas da compositora, uma em português e outra em francês
317 ## $aEspólio de Constança Capdeville
461 #1 $10012287110$tDiferenças sobre um intervalo
700 #1 $aCapdeville,$bConstança,$f1937-1992$333753
801 #0 $aPT$bBN$gRPC
971 ## $cssequeira$d20260528

Etiqueta de registo: 00000ndm 2200025
001 2287110
003 http://id.bnportugal.gov.pt/bib/catbnp/2287110
100 ## $a20260526f19671969k y0pory01030103ba
101 0# $apor
102 ## $aPT
106 ## $ah
200 1# $aDiferenças sobre um intervalo$bMúsica manuscrita]$gConstança Capdeville
210 #1 $d1[Entre 1967 e 1969]
215 ## $a1 partitura (85 p.) e 1 parte$d36 x 27 cm
300 ## $aObra para flauta, oboé I e II, trompa I e II, piano, violino I e II, viola, violoncelo, contrabaixo, piano e percussão (tambor médio e grave, caixa clara, clavas, bloco e gongo)
300 ## $aObra encomendada pela Fundação Calouste Gulbenkian, com estreia absoluta no 13º Festival Gulbenkian de Música, com a Orquestra de Câmara Gulbenkian, e direcção de Gianfranco Rivoli
317 ## $aEspólio de Constança Capdeville
463 #1 $10012287111$t [ Esboço do texto para o programa]$d[Entre 1967 e 1969]
463 #1 $10012287118$t [ Texto do programa]$d[1971]
700 #1 $aCapdeville,$bConstança,$f1937-1992$333753
801 #0 $aPT$bBN$gRPC
971 ## $cssequeira$d20260528

Etiqueta de registo: 00000nam 2200025
001 2287099
003 http://id.bnportugal.gov.pt/bib/catbnp/2287099
100 ## $a20260528f19841985k y0pory01030103ba
101 0# $apor
102 ## $aPT
106 ## $ar
200 1# $a [ Sequência das cenas do espectáculo]
210 #1 $d[1984-1985]
215 ## $a[2] f.$d30 x 21 cm
300 ## $aFotocópia do manuscrito com a lista das cenas e dos textos usados no espectáculo
317 ## $aEspólio de Constança Capdeville
461 #1 $10012286533$tDon't, Juan
700 #1 $aCapdeville,$bConstança,$f1937-1992$333753
801 #0 $aPT$bBN$gRPC
966 ## $lBN$mMUSICA$sEMUS5
971 ## $cssequeira$d20260528

Etiqueta de registo: 00000nam 2200025
001 2287096
003 http://id.bnportugal.gov.pt/bib/catbnp/2287096
100 ## $a20260528d1985 k y0pory01030103ba
101 0# $apor
102 ## $aPT
106 ## $ar
200 1# $a [ Folha do programa dos 9ºs Encontros Gulbenkian de Música Contemporânea]
210 #9 $aLisboa$cF. C. G., Serviço de Música,$d1985
215 ## $a[1] f.$cil.,$d30 x 22 cm
300 ## $aFolha relativa ao espectáculo Don't, Juan, com anotações manuscritas da compositora, retirada do programa dos 9ºs Encontros Gulbenkian de Música Contemporânea
317 ## $aEspólio de Constança Capdeville
461 #1 $10012286533$tDon't, Juan
700 #1 $aCapdeville,$bConstança,$f1937-1992$333753
711 12 $aEncontros Gulbenkian de Música Contemporânea,$d9,$eLisboa,$f1985$4070$3168971
801 #0 $aPT$bBN$gRPC
966 ## $lBN$mMUSICA$sEMUS5
971 ## $cssequeira$d20260528

Etiqueta de registo: 00000ndm 2200025
001 2287089
003 http://id.bnportugal.gov.pt/bib/catbnp/2287089
100 ## $a20260528f19841985k y0pory01030103ba
101 0# $apor$afre$ager$aspa
102 ## $aPT
106 ## $ar
200 1# $a [ Referências textuais e visuais]
210 #1 $d[1984-1985]
215 ## $a[28] f.$cil.,$d53 x 30 cm
300 ## $aConjunto de excertos, recortes e fotocópias de elementos textuais e visuais que serviram de inspiração para a obra
317 ## $aEspólio de Constança Capdeville
461 #1 $10012286533$tDon't, Juan
700 #1 $aCapdeville,$bConstança,$f1937-1992$333753
801 #0 $aPT$bBN$gRPC
971 ## $cssequeira$d20260528

OpendataBNP@bnportugal.pt | Mais informação sobre acesso aos dados BNP